000 00896nam a2200229Ia 4500
003 GCL
008 140319s9999 xx 000 0 ara d
040 _aGCL /
_cGCL
082 0 4 _aد
_b050
100 1 _aعبدالمالك خلف التميمى
245 1 0 _aالاستيطان الأجنبى فى الوطن العربى: المغرب العربى - فلسطين -الخليج العربى (عالم المعرفة 71) /
_cعبدالمالك خلف التميمى
260 _aالكويت :
_bالمجلس الوطنى للثقافة والفنون والاداب ،
_c1983
300 _a366 ص ؛
_c20 سم
490 _aعالم المعرفة
_v71
650 0 4 _aفلسطين
650 0 4 _aعلم النفس
650 0 4 _aالخليج العربى
650 0 4 _aالاستعمار
650 0 4 _aالاستيطان
650 0 4 _aالاستيطان العربى
942 _2ddc
_cBK
999 _c50439
_d50439